1743 1338 1437 1701 1266 1113 1267 1347 1794 1838 1762 1595 1348 1737 1344 1673 1667 1056 1518 1985 1632 1776 1219 1177 1683 1816 1442 1658 1535 1462 1962 1966 1145 1732 1780 1448 1814 1311 1347 1046 1503 1474 1273 1737 1527 1686 1333 1116 1675 1142 1564 1867 1815 1411 1667 1190 1319 1115 1797 1400 1050 1812 1739 1864 1775 1868 1597 1717 1912 1573 1585 1749 1427 1497 1717 1547 1984 1151 1286 1134 1022 1400 1736 1030 1243 1225 1366 1732 1838 1017 1126 1322 1923 1832 1489 1269 1968 1130 1786 BCNSPRNW ULIB Ver.6.0+V

เปลี่ยนเป็นภาษาไทย

Change to English
 แสดงรายละเอียดบรรณานุกรม
  กลับหน้าหลัก

Brief Record : Get Marc (ISO 2709) : E-mail record : QR code < ปิดหน้าต่าง
LEADER : 00000nam 2200000uu 4500
001    13399114538
003     ULIB
008    120411s2544||||th 000 0 tha d
020    ^a9746434322 (เล่ม 1)
060 04 ^aWA590^bม226ส ล.1 2544
245 00 ^aเอกสารการสอนชุดวิชา สุขศึกษาและการประชาสัมพันธ์งานสาธารณสุข หน่วยที่ 1-8=^bHealth education and public relations for public health work /^cอดิศักด์ สัตย์ธรรม ... [และคนอื่นฯ]
246 31 ^aHealth education and public relations for public health work
250    ^aปรับปรุงครั้งที่ 1
260    ^aนนทบุรี :^bสำนักพิมพ์มหาวิทยาลัยสุโขทัยธรรมาธิราช,^c2544
300    ^a2 เล่ม :^bภาพประกอบ ;^c30 ซม.
650  4 ^aการประชาสัมพันธ์
650  4 ^aการประชาสัมพันธ์^xสาธารณสุข
650  4 ^aสาธารณสุข
945    ^p0^l0^i10482
995    ^aกัณชพร
999 ^a ใช้งานได้ทุกระบบ
รายการนี้ยังไม่มีแท็ก
คุณยังไม่ได้ล็อกอิน คุณสามารถมีกิจกรรมร่วมกับเว็บไซต์ได้ แต่ต้องล็อกอินก่อน ::
  ล็อกอิน

รายการสื่อสารสนเทศ

ลำดับที่ ประเภท เลขเรียก/บาร์โค้ด สถานที่ สถานะ
- ไม่พบข้อมูล -

รายการใกล้เคียง
    หัวเรื่อง [การประชาสัมพันธ์]
    หัวเรื่อง [สาธารณสุข]

BibComment


ยังไม่เคยถูกคอมเมนท์

คอมเมนท์ทรัพยากรรายการนี้
  คอมเมนท์: เอกสารการสอนชุดว..


 Copyright 2026. Bcnsprnw @Library